Soccer Clubs Stadium - Statistics

General Stats
  • This quiz has been taken 1,217 times
  • The average score is 10 of 15
Answer Stats
Hint Answer % Correct
Barcelona Camp Nou
94%
Manchester United Old Trafford
94%
Liverpool Anfield
92%
AC Milan/Inter Milan San Siro/Giuseppe Meazza
88%
Real Madrid Santiago Bernabeu
87%
Bayern Munich Allianz Arena
84%
Arsenal Emirates Stadium
82%
Chelsea Stamford Bridge
82%
Paris Saint-Germain Parc des Princes
66%
Juventus Juventus Stadium
39%
Ajax Amsterdam Amsterdam ArenA
32%
Atletico Madrid Vicente Calderon
31%
AS Roma Olimpico
30%
Boca Juniors La Bombonera
29%
River Plate Estadio Monumental
22%
No matching quizzes found
Score Distribution
Percent of People with Each Score
Percentile by Number Answered
Your Score History
You have not taken this quiz